[Event "Titled Tuesday intern op 06th Apr"]
[Site "Chess.com INT"]
[Date "2021.04.06"]
[Round "7"]
[White "Chandratreya, Prachiti"]
[Black "Lopez Gracia, Fernando"]
[Result "0-1"]
[WhiteElo "1998"]
[BlackElo "2299"]
[PlyCount "118"]
[EventDate "2021.04.06"]
[EventType "swiss (blitz)"]
[EventRounds "11"]
[EventCountry "USA"]
[SourceTitle "CBM 201 Extra"]
[Source "ChessBase"]
[SourceDate "2021.05.31"]
[SourceVersion "1"]
[SourceVersionDate "2021.05.31"]
[SourceQuality "1"]

1. e4 e5 2. Nf3 Nc6 3. Bb5 a6 4. Ba4 Nf6 5. d3 Bc5 6. 0-0 b5 7. Bb3 d6 8. Nc3 Na5 9. Nd5 Nxb3 10. axb3 c6 11. Nxf6+ Qxf6 12. h3 h6 13. Re1 0-0 14. Be3 Bxe3 15. Rxe3 Re8 16. d4 exd4 17. Nxd4 Bb7 18. c3 c5 19. Nf5 Rxe4 20. Rxe4 Bxe4 21. Nxd6 Bc6 22. b4 cxb4 23. cxb4 Rd8 24. Rxa6 Rxd6 25. Qe2 Re6 26. Qd2 Qg5 27. Qxg5 hxg5 28. Rb6 Kh7 29. Kh2 Kg6 30. Kg3 Kf5 31. Rb8 Rd6 32. Rf8 Rd3+ 33. f3 Bd5 34. Rd8 Bc4 35. Rc8 Rb3 36. Rc6 Rxb4 37. Rc5+ Kg6 38. Kg4 f6 39. Kg3 Rxb2 40. h4 Bf1 41. hxg5 Rxg2+ 42. Kh4 Rxg5 43. Rc1 Bd3 44. f4 Rd5 45. Rc7 b4 46. Rb7 Rb5 47. Re7 b3 48. Re3 b2 49. Rxd3 b1Q 50. Rg3+ Kf7 51. f5 Qxf5 52. Rg4 Qh5+ 53. Kg3 Rb3+ 54. Kf4 Rb4+ 55. Ke3 Qxg4 56. Kd3 Qf3+ 57. Kc2 Rg4 58. Kd2 Rg2+ 59. Ke1 Qe2# 0-1

[Event "Titled Tuesday intern op 30th Mar"]
[Site "Chess.com INT"]
[Date "2021.03.30"]
[Round "9"]
[White "Levitsky, Andrey"]
[Black "Chandratreya, Prachiti"]
[Result "1-0"]
[WhiteElo "2358"]
[BlackElo "1998"]
[PlyCount "131"]
[EventDate "2021.03.30"]
[EventType "swiss (blitz)"]
[EventRounds "11"]
[EventCountry "USA"]
[SourceTitle "CBM 201 Extra"]
[Source "ChessBase"]
[SourceDate "2021.05.31"]
[SourceVersion "1"]
[SourceVersionDate "2021.05.31"]
[SourceQuality "1"]

1. e4 e6 2. d4 d5 3. Bd3 Nf6 4. e5 Nfd7 5. c3 c5 6. Ne2 Nc6 7. 0-0 cxd4 8. cxd4 Qb6 9. Bc2 Nb4 10. Ba4 a6 11. a3 Nc6 12. b4 g6 13. Be3 Bg7 14. Nbc3 0-0 15. Bb3 Qd8 16. Rc1 Ne7 17. Bg5 b5 18. a4 bxa4 19. Nxa4 Re8 20. Nc5 Nb6 21. Qd2 Nc4 22. Bxc4 dxc4 23. Rxc4 Qd5 24. Qc2 a5 25. Nf4 Qd8 26. b5 h6 27. Bxe7 Qxe7 28. b6 Bb7 29. Ncxe6 Rac8 30. Nxg7 Kxg7 31. Rc7 Qg5 32. g3 Rxc7 33. Qxc7 Be4 34. Re1 Bf3 35. e6 Re7 36. Qe5+ Qf6 37. Qxf6+ Kxf6 38. Re3 Bb7 39. d5 fxe6 40. d6 Re8 41. d7 Rd8 42. Rxe6+ Kf7 43. Rd6 a4 44. Ne6 Ke7 45. Nxd8 Kxd6 46. Nxb7+ Kxd7 47. Nc5+ Kc6 48. Nxa4 g5 49. h4 gxh4 50. gxh4 h5 51. Kg2 Kb7 52. Kg3 Ka6 53. Kf4 Kb7 54. Kg5 Kb8 55. Kxh5 Ka8 56. Kg6 Kb7 57. h5 Kc8 58. h6 Kb8 59. h7 Kb7 60. h8Q Ka6 61. Qa8+ Kb5 62. b7 Kc4 63. b8Q Kd3 64. Qb3+ Ke2 65. Qaf3+ Kf1 66. Qbd1# 1-0